Hawecha : (Record no. 874)
[ view plain ]
| 000 -LEADER | |
|---|---|
| fixed length control field | 00607nam a22002052 4500 |
| 001 - CONTROL NUMBER | |
| control field | 0000012694 |
| 005 - DATE AND TIME OF LATEST TRANSACTION | |
| control field | 20151021151123.0 |
| 008 - FIXED-LENGTH DATA ELEMENTS--GENERAL INFORMATION | |
| fixed length control field | 090311s xx 000 0 eng d |
| 020 ## - INTERNATIONAL STANDARD BOOK NUMBER | |
| International Standard Book Number | 996695144x : |
| 040 ## - CATALOGING SOURCE | |
| Original cataloging agency | KABU |
| Transcribing agency | KABU |
| 100 1# - MAIN ENTRY--PERSONAL NAME | |
| Personal name | Mann, Rhodia. |
| -- | 0000169589 |
| 245 10 - TITLE STATEMENT | |
| Title | Hawecha : |
| Remainder of title | a woman for all time / |
| Statement of responsibility, etc. | by Rhodia Mann. |
| 250 ## - EDITION STATEMENT | |
| Edition statement | 1st ed. |
| 260 ## - PUBLICATION, DISTRIBUTION, ETC. (IMPRINT) | |
| Place of publication, distribution, etc. | Nairobi : |
| Name of publisher, distributor, etc. | Longhorn, |
| Date of publication, distribution, etc. | 2008. |
| 300 ## - PHYSICAL DESCRIPTION | |
| Extent | vi, 191 p. |
| 650 #0 - SUBJECT ADDED ENTRY--TOPICAL TERM | |
| Topical term or geographic name as entry element | Oromo (African people) |
| General subdivision | Fiction. |
| -- | 0000169590 |
| 852 1# - LOCATION | |
| -- | p300 KES |
| 908 ## - PUT COMMAND PARAMETER (RLIN) | |
| Put command parameter | 090311 |
| 950 ## - LOCAL HOLDINGS (RLIN) | |
| -- | 1 |
| Withdrawn status | Lost status | Source of classification or shelving scheme | Not for loan | Home library | Current library | Date acquired | Total Checkouts | Full call number | Barcode | Date last seen | Price effective from | Koha item type |
|---|---|---|---|---|---|---|---|---|---|---|---|---|
| Library of Congress Classification | Kabarak, Main Campus | Kabarak, Main Campus | 17/12/2015 | PR9381.9 .M36H39 2008 c. 1 | 17104 | 17/12/2015 | 17/12/2015 | Africana Collection | ||||
| Library of Congress Classification | Kabarak, Nakuru City Campus | Kabarak, Nakuru City Campus | 21/10/2015 | PR9381.9 .M36H39 2008 c. 1 | 17105 | 21/10/2015 | 21/10/2015 | General Collection |